Hoja del lunes
Descripción Física:
49 cm
MARC
| LEADER | 00000nam a2200000Ia 4500 | ||
|---|---|---|---|
| 001 | |||
| 008 | 160829s9999 xx 000 0 cat d | ||
| 008 | 160829s9999 xx 000 0 cat d | ||
| 080 | |a Revistes | ||
| 245 | |a Hoja del lunes | ||
| 260 | |a Barcelona : |b Asociación de Prensa, [194?] - 1983 | ||
| 300 | |a 49 cm | ||
| 362 | |a -año 54, no. 2292 (21 feb. 1983) | ||
| 590 | |a Setmanal. | ||
| 590 | |a Les dimensions varien. | ||
| 590 | |a Descripció basada en: Año 53, no. 2233 (4 enero 1982). | ||
| 590 | |a Continuació de: Hoja oficial del lunes. | ||
| 590 | |a ES TROBA A LA PDL DE MANERA PROVISIONAL (fins que acabin les obres del Dipòsit B) | ||
| 866 | |a 1982 (any 53, núm. 2284) | ||
| 901 | |a Arxiu | ||
| 942 | |n 1 | ||
| 952 | |0 0 |1 0 |4 0 |6 REVISTES |7 1 |9 49269 |a Arxiu |b Arxiu |d 2016-12-01 |l 0 |o Revistes |r 2016-12-01 00:00:00 |w 2016-12-01 |y ARXIU | ||
| 999 | |c 53109 |d 53109 | ||